[Event "Bayern-chI Bank Hofmann 5th"]
[Site "Bad Wiessee"]
[Date "2001.11.03"]
[Round "8"]
[White "Lerner, Konstantin Z"]
[Black "Shabalov, Alexander"]
[Result "0-1"]
[WhiteElo "2570"]
[BlackElo "2574"]
[Annotator "Shabalov,A"]
[PlyCount "96"]
[EventDate "2001.10.27"]
[EventType "swiss"]
[EventRounds "9"]
[EventCountry "GER"]
[SourceTitle "EXT 2003"]
[Source "ChessBase"]
[SourceDate "2002.11.25"]
[SourceVersion "1"]
[SourceVersionDate "2002.11.25"]
[SourceQuality "1"]

1. d4 Nf6 2. c4 e6 3. Nc3 Bb4 4. e3 O-O 5. Bd3 d5 6. Nge2 b6 $5 {Quite a
legitimate move,though far less popular than both} (6... c5) ({and} 6... dxc4
7. Bxc4 c5) {The philosophy behind it is that black wants to play Queen's
Gambit Declined now,rather than Nimzo.} 7. cxd5 {I believe this move takes a
lot of pressure off black.Alternatives are 7.0-0 and 7.a3 and the biggest
legacy in this variation lies with the following game} (7. O-O dxc4 8. Bxc4 Bb7
9. f3 c5 10. a3 cxd4 11. axb4 dxc3 12. Nxc3 Nc6 13. b5 Ne5 14. Be2 Qc7 15. e4
Rfd8 16. Qe1 Qc5+ 17. Qf2 Qe7 18. Ra3 Ne8 19. Bf4 Ng6 20. Be3 Nd6 21. Rfa1 Nc8
22. Bf1 f5 23. exf5 exf5 24. Ra4 Re8 25. Bd2 Qc5 26. Qxc5 bxc5 27. Rc4 Re5 28.
Na4 a6 29. Nxc5 axb5 30. Nxb7 Rxa1 31. Rxc8+ Kf7 32. Nd8+ Ke7 33. Nc6+ Kd7 34.
Nxe5+ Kxc8 35. Nxg6 hxg6 36. Bc3 Rb1 37. Kf2 b4 38. Bxg7 {1-0 Petrosian,
T-Spassky,B/Moscow 1969/(38).}) 7... exd5 8. a3 Bd6 9. b4 c6 $1 {Typical
reaction in Queen's Gambit.} (9... Bb7 10. Qc2 a6 11. O-O Qe7 12. f3 Re8 13.
Ng3 g6 14. e4 Bxg3 15. hxg3 Nc6 16. Qf2 dxe4 17. fxe4 Ng4 18. Qf4 h5 19. Nd5
Qd7 20. Be2 Re6 21. Bxg4 hxg4 22. Bb2 f5 23. exf5 Qxd5 24. fxe6 Ne5 25. Rf2 Nd3
26. Qf7+ Kh8 27. Re2 Rg8 28. Qf6+ Kh7 29. Qh4+ Kg7 30. Rf1 {1-0 Timman,J-Keene,
R/London 1973/(30).}) 10. h3 $6 {White doesn't want to deal even with a shadow
of Bxh2 sacrifice.} (10. O-O Bxh2+ 11. Kxh2 Ng4+ 12. Kg3 $16) 10... a5 11. Rb1
$2 {Now this is a stubborness.White had to play versus hanging pawns after} (
11. b5 c5 12. dxc5 bxc5 13. O-O) 11... axb4 12. axb4 b5 $15 {Black is using b4
weakness to quickly mobilize his forces.} 13. O-O Qe7 14. Qb3 Na6 15. Na2 Nc7
16. Nac3 Na6 17. Na2 Bb8 18. Nac3 h5 19. Re1 Bd6 20. Ba3 ({This ugly move is
necessity.} 20. Na2 Ne4 21. f3 Qh4) 20... Nc7 21. Ng3 {This move allows black
to start an obvious play on light squares.} Bxg3 22. fxg3 Ne6 23. Rf1 Nxd4 ({
Even stronger was} 23... Nf4 24. exf4 Qe3+ 25. Kh2 Qxd3 26. Rfd1 Qg6) 24. Nxd5
Nxd5 25. exd4 Be6 $17 26. Bc2 g6 27. Bc1 Ra6 {Multidirectional invasion
combining with white's time trouble decides the game fast.} 28. Bd2 Rfa8 29.
Qf3 Ra2 30. Rfc1 Nb6 $1 {The final reshuffling.} 31. Bh6 (31. Qxc6 Bd5 32. Qxb6
Qe2 $19) 31... Bd5 32. Qf1 Kh7 33. Bf4 Nc4 34. Re1 Qf6 35. Re2 Na3 36. Rc1 Bc4
$19 {Finally white loses material.The game is over.} 37. Bd1 h4 38. Qf3 Bxe2
39. Bxe2 Qxd4+ 40. Kh2 Re8 41. Bf1 Qd5 42. Qg4 hxg3+ 43. Qxg3 Nc4 44. Rc3 Nd2
45. Bd3 Kg7 46. Bxd2 Rxd2 47. Bf1 Qd6 48. Qxd6 Rxd6 0-1

[Event "St Petersburg op2"]
[Site "St Petersburg"]
[Date "1994.??.??"]
[Round "4"]
[White "Lugovoi, Aleksei"]
[Black "Shipov, Sergei"]
[Result "1/2-1/2"]
[WhiteElo "2465"]
[BlackElo "2525"]
[Annotator "Shipov,S"]
[PlyCount "89"]
[EventDate "1994.10.??"]
[EventType "swiss"]
[EventRounds "9"]
[EventCountry "RUS"]
[SourceTitle "CBM 043 Extra"]
[Source "ChessBase"]
[SourceDate "1995.01.01"]
[SourceVersion "1"]
[SourceVersionDate "1995.01.01"]
[SourceQuality "1"]

1. d4 Nf6 2. c4 e6 3. Nc3 Bb4 4. e3 O-O 5. Bd3 c5 6. Nge2 cxd4 7. exd4 d5 8.
cxd5 Nxd5 9. O-O Nc6 10. Bb1 Re8 $1 (10... Be7 11. Qd3 g6 12. Qf3 $1 Nxc3 13.
bxc3 Bd7 14. Be4 Rc8 15. Rd1 $14 {Salov,V-Timman,J/Sanghi Nagar/1994/}) 11. Qd3
g6 12. Qf3 $1 (12. Rd1 b6 13. a3 Bf8 14. Ba2 Nxc3 15. Nxc3 Bg7 16. Be3 Bb7 $10
{Olesen,M-Martens,M/Kecskemet/1991/}) 12... Bf8 $6 (12... b6 $5 13. Be4 Bb7 $1
14. Nxd5 $140 exd5 15. Bxd5 Ne5 16. dxe5 Qxd5 $132) 13. Be4 Nxc3 14. bxc3 Bg7
$5 (14... Qc7 $14) (14... Bd7 $14) 15. Bxc6 (15. Rb1 $32 {><c6,b7}) 15... bxc6
16. Qxc6 Bd7 (16... Rb8 17. Bg5 $1 $14) 17. Qf3 Qa5 (17... Rc8 $32 $132 18. Ng3
Bc6) 18. Bf4 $6 (18. Ng3 Rac8 (18... f5 $5) 19. Ne4 Bc6 20. Nf6+ Kh8 21. Qf4
Red8 22. Qh4 $1 h5 $8 23. Bg5 $36) 18... Bb5 19. Rfc1 $8 Rac8 20. Ng3 Bc6 $1
21. Qe2 Ba8 $15 {^=,><c3,d4,g2} 22. Qe1 Qd5 23. Qf1 (23. f3 Rxc3 24. Rxc3 Qxd4+
25. Be3 Qxc3 26. Qxc3 Bxc3 27. Rc1 Be5 28. Bxa7 Bd5 $17) 23... h5 {/\h4,h3} 24.
h3 Rc4 (24... Bf8 $5) 25. Ne2 $1 Rec8 26. Bd2 Bf8 27. Nf4 Qf5 28. Nd3 Bd6 29.
f3 Bd5 30. Nb2 $6 (30. Qe2 $32) 30... R4c7 31. Qa6 (31. c4 $2 Ba3 $1 32. cxd5
Bxb2 $17) 31... Bg3 (31... Bf4 $5 {/\ 32.Qe2 Bf3!!-/+}) 32. Qd3 Qf6 33. Qe3 e5
34. Nd3 exd4 35. Qxd4 (35. cxd4 $32) 35... Qxd4+ (35... Qf5 $132) 36. cxd4 $14
Rxc1+ 37. Rxc1 Rb8 $1 38. Nb4 Ba8 (38... Bxa2 39. Nxa2 (39. Ra1 $5 Bc4 40. Rxa7
$14) 39... Rb2 $10) 39. d5 Bd6 40. Nc6 Rb2 41. Be3 Rxa2 42. Nxa7 (42. Bxa7 Bxc6
43. Rxc6 Rxa7 44. Rxd6 h4 {/\ Ra2-d2=}) 42... Bxd5 43. Rc8+ Kh7 (43... Kg7 44.
Bd4+ f6 45. Rd8 Be5 46. Bxe5 fxe5 47. Rxd5 Rxa7 48. Rxe5 $14) 44. Bd4 g5 45.
Rd8 (45. Rh8+ Kg6 46. Rf8 Bh2+ 47. Kxh2 Bxf3 48. Kg1 (48. Kg3 Be4 $36) 48...
Rxg2+ 49. Kf1 $10) (45. Rd8 Rd2 46. Rxd6 Rxd4 47. Nb5 Rd1+ 48. Kf2 Bb3 $10)
1/2-1/2

[Event "Olympiad-32"]
[Site "Yerevan"]
[Date "1996.09.26"]
[Round "10.2"]
[White "Giorgadze, Giorgi"]
[Black "Hjartarson, Johann"]
[Result "1-0"]
[WhiteElo "2580"]
[BlackElo "2565"]
[Annotator "Shipov,S"]
[PlyCount "81"]
[EventDate "1996.09.15"]
[EventType "team-swiss"]
[EventRounds "14"]
[EventCountry "ARM"]
[SourceTitle "CBM 055"]
[Source "ChessBase"]
[SourceDate "1996.12.01"]
[SourceVersion "1"]
[SourceVersionDate "1996.12.01"]
[SourceQuality "1"]
[WhiteTeam "Georgia"]
[BlackTeam "Iceland"]
[WhiteTeamCountry "GEO"]
[BlackTeamCountry "ISL"]

1. d4 Nf6 2. c4 e6 3. Nc3 Bb4 4. e3 O-O 5. Bd3 d5 6. cxd5 exd5 7. Nge2 Re8 8.
O-O Bd6 (8... Bf8) 9. f3 c5 10. Qe1 Nc6 11. Qh4 h6 $6 (11... Be7 12. Qf2 a6 13.
g4 (13. a3 b5 14. Kh1 b4 15. axb4 Nxb4 16. Bb1 a5 17. Rd1 Bd7 18. Bd2 Qb8 19.
Be1 cxd4 20. Nxd4 Qe5 $10 {Aleksandrov,A-Kiselev,S/POL/1992/0:1/38/}) 13... b5
14. Ng3 b4 15. Nce2 a5 16. g5 Nd7 17. f4 Ba6 18. Bxa6 Rxa6 19. h4 Nf8 20. f5
Bd6 $15 {Gurevich,M-Polugaevsky,L/Reggio Emilia/1992/0,5/42/}) (11... Ne7 $5
12. Nb5 Ng6 13. Qf2 Bf8 14. dxc5 Bxc5 15. b3 Bd7 16. Nbd4 Rc8 17. Bd2 Ne5 18.
Bc2 Qb6 19. Rad1 Bxd4 20. Nxd4 Bb5 $1 $15 {Gelfand,B-Kotronias,V/Chalkidiki/
1993/0,5/27/}) 12. g4 a6 13. Qf2 $1 {/\ Ng3,h4/} b5 14. Ng3 Be6 $6 (14... b4 $1
15. Nce2 a5 {/\ Ba6/}) 15. Nce2 Rc8 16. Bd2 Qb6 17. Rad1 b4 18. Bb1 a5 19. Kh1
Rc7 20. h4 $16 {|^ >>/} Qa6 21. Rg1 (21. g5 $5) 21... Rce7 22. Rg2 (22. g5 $5)
22... cxd4 (22... Nd7 $142 $16) 23. exd4 Nd7 24. Nf4 Bxf4 25. Bxf4 Nf8 26. h5
Bd7 (26... f6 $5) 27. g5 $1 Ne6 28. Qc2 $1 g6 $8 29. Be3 Nf8 30. Bf2 hxg5 31.
Qd2 $1 g4 32. Qh6 $18 Nd8 (32... gxf3 $5 33. Rh2 Nd8 34. Rg1 $1 $40 (34. hxg6
fxg6 35. Qh8+ Kf7)) 33. fxg4 Bxg4 34. Nf5 Bxf5 35. Bxf5 Qe2 36. Rd3 Qf1+ 37.
Kh2 Nde6 38. Rh3 Ng7 39. hxg6 fxg6 40. Bd3 Qd1 41. Rxg6 $1 (41. Rxg6 Nxg6 (
41... Qxd3 42. Qh8+ Kf7 43. Qxg7#) 42. Qh7+ Kf8 43. Bxg6 $18) 1-0

[Event "Gausdal Masters"]
[Site "Gausdal"]
[Date "1995.??.??"]
[Round "?"]
[White "Djurhuus, Rune"]
[Black "Nielsen, Peter Heine"]
[Result "1-0"]
[WhiteElo "2495"]
[BlackElo "2500"]
[Annotator "Tisdall,J"]
[PlyCount "79"]
[EventDate "1995.??.??"]
[EventType "tourn"]
[EventRounds "9"]
[EventCountry "NOR"]
[EventCategory "7"]
[SourceTitle "CBM 045 Extra"]
[Source "ChessBase"]
[SourceDate "1995.05.01"]
[SourceVersion "1"]
[SourceVersionDate "1995.05.01"]
[SourceQuality "1"]

1. d4 Nf6 2. c4 e6 3. Nc3 Bb4 4. e3 O-O 5. Bd3 d5 6. cxd5 exd5 7. Nge2 {
An old favorite of Mikhail Gurevich's, which he used with great success in the
late 80's. He used to tuck his king away in the corner, put his rook on the
g-file and start pushing his kingside. He was very sceptical about it, but won
a lot of games...} Re8 (7... Bd6 8. Nb5 Be7 9. O-O Re8 10. a3 a5 11. Kh1 Na6
12. f3 c5 13. Nec3 Bd7 14. g4 Nc7 15. a4 Ne6 16. Rg1 Bc6 17. Bc2 Nd7 18. f4
cxd4 19. exd4 Bb4 20. g5 Nef8 21. f5 Nc5 22. Bf4 Ne4 23. Nxe4 dxe4 24. Be3 Bd6
25. Qh5 Bd5 26. Qg4 Rc8 27. Rg2 Nd7 {1-0 Gurevich,M-Dizdar,G/Reykjavik op ;TD
88\05 1988}) 8. O-O Bd6 (8... Bf8 9. a3 a5 10. Bc2 c6 11. f3 Qb6 12. Kh1 Be6
13. e4 g6 14. e5 Nh5 15. f4 f5 16. exf6 Nd7 17. f5 gxf5 18. f7+ Bxf7 19. Bxf5
Nhf6 20. Qd3 Bg7 21. Bg5 Nf8 22. Qg3 Ne4 23. Nxe4 dxe4 24. Bf6 Bg6 25. Bxg7
Kxg7 26. h4 Kh8 27. Bxg6 hxg6 28. Rf7 Kg8 29. Raf1 Qb5 30. Qe3 Qh5 31. g3 Rab8
32. Kg1 Re6 33. Qf4 {Gurevich,M-Akesson,R/Stockholm Rilton Cup ;TD 87\05 1987/
1-0 (43)}) 9. f3 c5 10. Bd2 (10. a3 Nc6 11. Rf2 a6 12. Bc2 b5 13. g4 b4 14.
axb4 Nxb4 15. Ba4 Bd7 16. g5 Bxa4 17. Nxa4 Nd7 18. Rg2 Rc8 19. h4 Qe7 20. Bd2
Nd3 21. Qf1 Qe6 22. f4 g6 23. Ng3 c4 24. Nc3 Nb4 25. f5 Qe7 26. Qf3 Nb6 27. h5
Bc7 28. Rf1 Rcd8 29. Qg4 Nc2 30. Rf3 Bxg3 31. Rgxg3 Rd6 32. Rh3 Qd7 33. Qh4
gxf5 34. Qf2 Rde6 35. Rxf5 Rxe3 36. Bxe3 Rxe3 37. Rxe3 Nxe3 38. Qxe3 Qxf5 39.
Qe8+ Kg7 40. Qd8 Nd7 41. Ne2 Qf3 42. Qxd7 Qxe2 {1/2-1/2 Gurevich,M-Hjartarson,
J/Akureyri ;CBM 08 1988}) (10. Qe1 Nc6 11. Qh4 Be7 12. Qf2 a6 13. g4 b5 14. Ng3
b4 15. Nce2 a5 16. g5 Nd7 17. f4 Ba6 18. Bxa6 Rxa6 19. h4 Nf8 20. f5 Bd6 21.
Bd2 Qb6 22. Kg2 cxd4 23. exd4 Bxg3 24. Nxg3 Qxd4 25. Qxd4 Nxd4 26. Rad1 Nc6 27.
Bf4 d4 28. Rfe1 Rd8 29. Rd2 Nd7 30. Rc1 f6 31. Rc4 Nde5 32. Bxe5 Nxe5 33. Rcxd4
Rxd4 34. Rxd4 Rc6 35. Ne4 Rc2+ 36. Kg3 Rxb2 37. Rd8+ Kf7 38. Ra8 Rxa2 39. Ra7+
Kf8 40. Nc5 Ra3+ 41. Kf2 Ra2+ 42. Kg3 {1/2-1/2 Gurevich,M-Khalifman,A/Reggio
Emilia (03) ;CBM 27 1991}) 10... Nc6 11. Rc1 a6 12. Bb1 h6 (12... Qe7 $5 {
intending ...b5-b4 looks like a reasonable plan.}) 13. Kh1 cxd4 14. exd4 Na5
15. Re1 Bf8 $6 {It seems to me that clarifying the pawn tension in the center
favors white, and that if black is to justify his last few moves, then he
should find a way to sink his horse into c4. He apparently did not like} (15...
Nc4 $1 16. Nxd5 $1 Nxd5 (16... Nxb2 $2 17. Nxf6+ Qxf6 18. Qc2 {wins for white.}
) (16... Nxd2 $5 17. Nxf6+ Qxf6 18. Qxd2 Qh4 {gives black fair compensation
for the pawn.}) 17. Rxc4 Qh4 18. Ng3 Bd7 {but black's initiative is rather
nasty -- the possibility of ...Bb5 makes it difficult for white to secure his
kingside with Nf1.}) 16. Nf4 Rxe1+ 17. Qxe1 Nc6 {Black admits that the raid to
c4 has failed.} 18. Qe3 g6 19. a3 Ne7 20. g4 $1 Bd7 21. Re1 Bc6 22. Ne6 $1 fxe6
23. Qxe6+ Kg7 24. Bxh6+ $1 Kxh6 25. g5+ $1 (25. Qxf6 Kh7) 25... Kh7 {Better
than} (25... Kxg5 26. Rg1+ Kh6 27. Qxf6) 26. gxf6 Ng8 27. Qf7+ $6 {Djurhuus
had already seen a line that satisfied him, and so missed a chance to finish
in style:} (27. Bxg6+ $1 Kh8 (27... Kxg6 28. Rg1+ {mates.}) 28. Qh3+ Nh6 29.
Re7 $1 {threatening 30.Rh7+ Kg8 31.f7+ Nxf7 32.Bxf7 mate.}) 27... Kh8 28. Re6
$1 Nxf6 (28... Qd7 29. Qxg6 {and black cannot cope with the twin threats of
Re7/f7, severing his communications along the seventh rank.}) 29. Rxf6 Qe8 30.
Qxe8 Rxe8 31. Bxg6 {The rest is not so difficult.} Re1+ 32. Kg2 Bg7 33. Rf4 Bh6
34. Rh4 Kg7 35. Kf2 $1 Rh1 36. Bd3 Bg5 37. Rg4 Kh6 (37... Rxh2+ 38. Kg3 Rh5 39.
f4) 38. Kg2 Re1 39. f4 Bd8 40. Rg6+ 1-0

[Event "Rishon Le Ziyyon 9798"]
[Site "Rishon Le Ziyyon"]
[Date "1997.08.22"]
[Round "3"]
[White "Kaspi, Alexander"]
[Black "Tsesarsky, Ilya"]
[Result "1-0"]
[WhiteElo "2495"]
[BlackElo "2390"]
[Annotator "Tsesarsky,I"]
[PlyCount "125"]
[EventDate "1997.12.25"]
[EventType "swiss"]
[EventRounds "9"]
[EventCountry "ISR"]
[SourceTitle "CBM 060"]
[Source "ChessBase"]
[SourceDate "1997.09.29"]
[SourceVersion "1"]
[SourceVersionDate "1997.09.29"]
[SourceQuality "1"]

1. d4 Nf6 2. c4 e6 3. Nc3 Bb4 4. e3 c5 5. Bd3 O-O 6. Nge2 cxd4 7. exd4 d5 8.
cxd5 Nxd5 9. O-O Nc6 10. Bc2 Be7 11. Qd3 Nf6 12. a3 a6 $5 $146 (12... b6 13.
Bg5 (13. Rd1 Re8 (13... Bb7 14. Nf4 Nxd4 $2 (14... g6 15. d5 exd5 16. Nfxd5
Nxd5 17. Nxd5 Bc5 $11 {1/2-1/2 Berg,K-Pajeken,W/Hamburg Wichern-op 1995 (21)})
15. Qxd4 Qxd4 16. Rxd4 e5 17. Rd1 $4 $11 {1/2-1/2 Sarfati,J-Martin,B/NZD-ch
Otago 1991 (24)} (17. Rc4 $1 exf4 (17... Rac8 18. Rxc8 Rxc8 19. Nd3 $18) 18.
Rc7 $18)) 14. Nf4 Nxd4 $1 15. Ba4 (15. Qxd4 Qxd4 16. Rxd4 e5 $11) 15... b5 $1
16. Nxb5 Nf5 (16... Nxb5 17. Qxb5 Qc7 18. Be3 Bb7 19. Rac1 Qb8 $11) 17. Qf3 Bd7
18. Nc3 Qc8 19. Bxd7 Nxd7 $11 {1/2-1/2 Wirthensohn,H-Rajkovic,D/Bern 1988 (51)}
) (13. Bf4 Bb7 14. Rad1 Rc8 15. Qh3 g6 16. Be5 Na5 17. Qh6 Re8 18. Ba4 Bc6 19.
Bxc6 Nxc6 20. Ne4 Nxe5 $1 21. dxe5 Nxe4 $1 (21... Nd5 22. Nd4 (22. Nf4 $2 Bf8
$19) 22... Bf8 23. Qd2 Qh4 24. f4 Red8 $15) 22. Rxd8 Rexd8 23. Qf4 Rc4 (23...
Nd2 $5) 24. b3 Bg5 25. Qg4 h5 26. Qf3 Nd2 27. Qb7 Rc2 $17 {0-1 Matveeva,
S-Kiselev,S/Helsinki op 1992 (39)}) 13... g6 14. Rad1 Bb7 15. Qh3 (15. Rfe1 Rc8
16. Bb3 Nd5 17. Bh6 Re8 18. Nxd5 exd5 19. Nc3 $11 {1-0 Van Gisbergen,S-Gronn,A/
Hamburg-chIJ 1989 (29)}) 15... Re8 16. Bb3 Nd5 17. Bxe7 Ncxe7 18. Ne4 Nf5 $15 {
0-1 Pein,M-Rajkovic,D/Brussels OHRA op 1987 (58)}) (12... g6 13. Bh6 Re8 14.
Ba4 a6 15. Qf3 Bd7 16. Rad1 Na5 17. Bxd7 Nxd7 (17... Qxd7 18. Bg5 Qc6 $15) 18.
d5 e5 19. d6 Bf8 20. Bxf8 Rxf8 21. b4 (21. Nd5 $16) 21... Nc6 22. Nd5 $16 {
1-0 Jelen,I-Sher,M/Ptuj 1991 (29)}) 13. Rd1 Re8 (13... g6 $5 14. Bh6 Re8 15.
Bb3 $132 (15. Qf3 e5 $1 $132)) 14. Qf3 Qc7 $1 15. Bf4 e5 $5 (15... Qb6 16. b4
Rd8 17. d5 exd5 18. Nxd5 Nxd5 19. Rxd5 Rxd5 20. Qxd5 Be6 21. Qe4 g6 $11) 16.
dxe5 (16. Bg5 Nxd4 17. Nxd4 exd4 18. Rxd4 Qe5 $11) (16. Bg3 Bg4 17. Qd3 Red8
18. d5 Rac8 $132) 16... Nxe5 17. Qg3 Bc5 $1 (17... Bd6 18. Rac1 Qe7 19. Nd4 $14
) 18. Qh4 (18. b4 Ba7 19. Rac1 Qe7 (19... Bg4 20. Ba4 $18) 20. Qh4 h6 $11)
18... h6 19. h3 (19. b4 Ba7 20. Rac1 Qe7 $11) 19... Qe7 20. Bg3 Ng6 $1 $15 21.
Bxg6 (21. Qa4 Bd7 22. Qb3 Be6 23. Qa4 b5 24. Qa5 Nh5 $17) 21... fxg6 22. Qa4 b5
23. Qc2 Bf5 24. Qb3+ Be6 25. Qc2 Bf5 26. Qb3+ Kh7 27. Nf4 Rad8 28. Rxd8 (28.
Ncd5 Nxd5 29. Nxd5 Qf7 (29... Qe6 30. Rac1 Bb6 31. Bc7 Bxc7 32. Rxc7 Qe2 33.
Rdc1 Qe5 34. Ne3 $11) 30. Rac1 Bxf2+ $1 31. Bxf2 Be4 32. Rc5 Rxd5 33. Rcxd5 Rd8
34. Rxd8 Qxb3 $15) 28... Rxd8 29. Rd1 Rxd1+ 30. Qxd1 Ne4 31. Nxe4 Qxe4 32. Nd5
Qd3 $6 (32... Bd4 33. Nc3 Qd3 34. Qxd3 Bxd3 35. Bc7 g5 $17) 33. Qxd3 Bxd3 34.
Nc7 a5 (34... Bd4 35. b4 Bb2 36. Nxa6 Bxa3 37. Be5 g5 38. f3 Bc4 39. Kf2 Kg6
40. Bc3 $11) 35. Be5 Bc4 36. Ne8 Bf8 (36... Kg8 37. Nd6 (37. Nxg7 Kf7 $19 {
[%csl Rg7]}) 37... Bd3 38. Nb7 Bb6 39. b4 axb4 40. axb4 Kf7 41. Nc5 $11) 37.
Bd6 Kg8 38. Bxf8 Kxf8 39. Nd6 Bd3 40. f4 Ke7 41. Nb7 a4 42. Kf2 Be4 43. Nc5 Bd5
(43... Bc6 44. g4 Kd6 45. Nd3 Bb7 46. Ke3 Kd5 47. Nf2 Kc4 48. Kd2 Kb3 49. Kc1
g5 50. fxg5 hxg5 51. Nd1 Bg2 52. Nf2 g6 53. Kb1 Kc4 54. Kc2 Kd4 (54... Bf1 55.
Kc1) 55. Kd2 Bc6 (55... Bb7 56. Nd1) 56. Nd1 Ke4 57. Ke2 Kf4 58. Kf2) 44. g3
Kd6 45. Nd3 Bc4 46. Ke3 g5 $2 (46... Kd5 $11) 47. Kd4 gxf4 48. Nxf4 Bf7 49. h4
g5 50. Nd3 $2 (50. hxg5 $1 hxg5 51. Nh3 g4 52. Nf2 Be6 53. Ne4+ $16) 50... gxh4
51. gxh4 Bc4 52. Nf2 Ke6 53. Ne4 Kf5 $4 (53... Bf1 $11) 54. Nd6+ $18 Kg4 55.
Nxc4 bxc4 $6 (55... Kxh4 $142 $5 56. Nd6 $1 (56. Ne5 h5 57. Kc5 Kg3 58. Ng6 Kg4
59. Kxb5 Kf5 60. Nh4+ Kg4 61. Ng2 Kg3 62. Ne3 Kf3 63. Nf5 Kg4 $11) (56. Nd2 h5
57. Ne4 (57. Kc5 Kg3 58. Kxb5 h4 59. Ne4+ Kf3 60. Ng5+ Kf4 61. Nh3+ Kg3 62.
Kxa4 Kxh3 63. b4 Kg2 64. b5 h3 65. b6 h2 66. b7 h1=Q 67. b8=Q $14) 57... Kh3
58. Kc5 h4 59. Kxb5 Kg4 60. Kxa4 Kf3 61. b4 Kxe4 62. b5 Kd5 (62... h3 63. b6 h2
64. b7 h1=Q 65. b8=Q Qd1+ $14) 63. Ka5 h3 64. b6 Kc6 65. Ka6 h2 66. b7 h1=Q 67.
b8=Q Qf1+ $11) 56... Kg4 (56... h5 57. Ke3 Kg3 58. Nxb5 h4 59. Nd4 h3 60. Ne2+
Kg4 61. Kf2 $18) 57. Ke3 h5 58. Kf2 $18) 56. Kxc4 Kxh4 57. b4 axb3 58. Kxb3 Kg3
59. a4 h5 60. a5 h4 61. a6 h3 62. a7 Kg2 63. a8=Q+ 1-0